00354pam a2200145a 44500008004100000020001500041082001300056100001800069245004100087260003200128300000900160502000900169906001100178999001900189230405s2005 xxu||||| |||| 00| 0 eng d a1850092818 a611bAGE aAgeno, Walter aPrevention of Venous Thromboembolism aNew DelhibJaypee Pubc2005 a60 p atext a001803 c249528d249528